| 000 | 02204nom a2200481 i 4500 | ||
|---|---|---|---|
| 001 | 194103 | ||
| 003 | SpMaBN | ||
| 005 | 20250708195724.0 | ||
| 007 | ta | ||
| 008 | 240429s2014 sp a | ||||o000 0dspa | ||
| 017 |
_aBA 413-2014 _bOficina Depósito Legal Badajoz |
||
| 020 |
_a9788498524130 _qobra completa |
||
| 020 |
_a9788498524147 _qlibro |
||
| 020 |
_a9788498524154 _qCD-ROM |
||
| 040 |
_aSpMaBN _bspa _cSpMaBN _erdc _dES-MaACL |
||
| 080 | _a929 López González Morcillo, Antonio | ||
| 080 | _a94(460.253 Santa Amalia)"18/19" | ||
| 100 | 1 |
_aMartín Nieto, Dionisio Á., _d1966- _0XX849122 _9235747 _eaut |
|
| 245 | 1 | 0 |
_aAntonio López y los primeros fundadores de Santa Amalia / _cDionisio Ángel Martín Nieto, José Antonio Jiménez Escobar |
| 260 |
_aMérida : _bEditora Regional de Extremadura [etc.], _cD.L. 2014 |
||
| 300 |
_a206 p. : _bil., gráf., mapa col. ; _c24 cm + |
||
| 300 |
_a1 CD-ROM (559 p.) _c12 cm |
||
| 336 |
_3Impreso _aTexto (visual) _2isbdcontent |
||
| 336 |
_3CD-ROM _aTexto (visual) _2isbdcontent |
||
| 337 |
_3Impreso _asin mediación _2isbdmedia |
||
| 337 |
_3CD-ROM _aelectrónico _2isbdmedia |
||
| 338 |
_2rdacarrier _avolumen |
||
| 500 | _aEl impreso es el v. 1 y el CD-ROM el vol. 2 | ||
| 500 | _aCatalogación provisional. Signatura: N 8651. Depósito J. | ||
| 504 | _aIncluye referencias bibliográficas | ||
| 538 | _aRequisitos del sistema: Adobe Acrobat Reader | ||
| 586 | _aXIII Premio de Investigación "Santiago González", 2013 | ||
| 600 | 0 |
_aLópez González Morcillo, Antonio, _d1783-1831 _2embne _9235748 |
|
| 651 | 0 |
_aSanta Amalia (Badajoz) _xHistoria _2embne _9235749 |
|
| 700 |
_aJiménez Escobar, José Antonio _9235750 _eaut |
||
| 852 |
_aES-MaACL _bR.152516 _cDEPOJ _jN-8651 _xRústica _hDonación: Editorial _9202065 _zEn proceso |
||
| 852 |
_aES-MaACL _cROT _zCatalogación provisional _hDonación: Editorial _9202066 _jROT 6/3/1 |
||
| 942 |
_cMONOGRAFIA _n0 |
||
| 999 |
_c194103 _d194103 |
||